000
00322 a2200145 4500
001
172007
020
_a
040
_c
Magnum
100
_a
Prado, Lucilia Junqueira de Almeida
240
1
0
_a
Cabelos de cenoura
_l
por
245
1
0
_a
Cabelos de cenoura
362
0
_a
1899
697
_a
J/ADOLESCENTE, NAMORO
942
_c
BK
999
_c
172007
_d
172007